| 000 | 00921nam a2200289 a 4500 | ||
|---|---|---|---|
| 999 |
_c7983 _d7983 |
||
| 001 | 7983 | ||
| 003 | BD-JhCC | ||
| 005 | 20180217110655.0 | ||
| 008 | 180217s1962 nyu 001 0 eng d | ||
| 035 | _a(BD-JhCC)7983 | ||
| 040 |
_aBD-JhCC _cIEN _dBD-JhCC _dDLC |
||
| 041 | _aeng | ||
| 050 | 0 | 0 |
_aPN4726 _b.S6 1962 |
| 082 | 0 | 0 |
_a808.8 _bSNY 1962 |
| 100 | 1 |
_aSnyder, Louis L. _q(Louis Leo), _d1907-1993, |
|
| 245 | 1 | 2 |
_aA treasury of great reporting; _b"literature under pressure" from the sixteenth century to our own time. _cEdited by Louis L. Snyder and Richard B. Morris. |
| 250 | _a2d ed., rev. and enl. | ||
| 260 |
_aNew York, _bSimon and Schuster _c[c1962] |
||
| 300 |
_a795 p. _c21 cm. |
||
| 500 | _aAn Essandess paperback. | ||
| 504 | _aIncludes Index | ||
| 650 | 0 | _aReporters and reporting. | |
| 700 | 1 |
_aMorris, Richard Brandon, _d1904- |
|
| 942 |
_2ddc _cBK |
||